000 01708cam a22004694i 4500
003 PE-LiUPU
005 20250731173437.0
008 150616s1983 sp a r 000 0 spa d
020 _a8426102999
035 _a(Sirsi) i9788426102997
040 _aPE-LiUPU
_bspa
_cPE-LiUPU
_erda
049 _aPRUA
082 0 4 _a235.2
_bCH41
_221
100 1 _aChesterton, G.K.,
_eautor.
245 1 0 _aSan Francisco de Asís.
264 1 _aBarcelona :
_bJuventud, S.A,
_c1983.
300 _a205 páginas :
_bIlustraciones(fotos) ;
_c22 centímetros
336 _atext
_2rdacontent
337 _aunmediated
_2rdamedia
338 _avolume
_2rdacarrier
490 0 _aColección Grandes Biografías
505 0 _aEl problema de San Francisco -- El mundo de San Francisco -- Francisco batallador, constructor -- El juglar de Dios -- El pobrecillo -- Las tres órdenes -- El espejo de Cristo -- Milagros y muerte -- El testamento de San Francisco.
526 _aSEG42
526 _aSEG41
526 _aSEG40
526 _aSEG39
526 _aP94
526 _aP87
526 _aP86
526 _aP85
526 _aP77
526 _aP76
526 _aP35
650 0 4 _aFRANCISCO DE ASIS, SANTO - BIOGRAFIA.
910 _ajck
_bjvq
_cjck
942 _2ddc
_cBOOK
949 _a235.2 CH41
_wDEWEY
_c1
_i39490
_lCCODEBUL1
_mBUL
_r0
_sY
_tBOOK
_u2015-6-16
_xTEOLOGIA
_zUNKNOWN
_0COMPRA
_o.STAFF. Colección Teología
994 _aC0
_bPEPRU
596 _a1
999 _a235.2 CH41
_wDEWEY
_c56611
_i39490
_d56611
_e2017-6-22
_f2021-11-10
_g5
_lCCODEBUL1
_mBUL
_n1
_p25.00
_q1
_r0
_sY
_tBOOK
_u2015-6-16
_xTEOLOGIA
_PP35
_0COMPRA
_o.STAFF. Colección Teología
980 _81
_gALBERTO SANCHEZ Responsable de Automatización